[Event "Bazna Kings 3rd"]
[Site "Bazna"]
[Date "2009.06.18"]
[Round "5"]
[White "Kamsky, Gata"]
[Black "Ivanchuk, Vassily"]
[Result "0-1"]
[WhiteElo "2720"]
[BlackElo "2746"]
[Annotator "Ftacnik,L"]
[PlyCount "64"]
[EventDate "2009.06.14"]
[EventType "tourn"]
[EventRounds "10"]
[EventCountry "ROU"]
[EventCategory "20"]
[SourceTitle "CBM 131"]
[Source "ChessBase"]
[SourceDate "2009.07.15"]
[SourceVersion "1"]
[SourceVersionDate "2009.07.15"]
[SourceQuality "1"]

1. e4 c5 2. Nf3 d6 3. d4 cxd4 4. Nxd4 Nf6 5. Nc3 a6 6. Be3 e6 7. a4 Nc6 8. Be2
Be7 9. O-O O-O 10. f4 Qc7 11. Kh1 Re8 12. Qd2 Bd7 13. Rad1 {The concentration
of the white forces along the d-file is calling for an immediate
simplification, since the defender will manage to optimally develop all his
pieces.} Nxd4 14. Qxd4 (14. Bxd4 Bc6 15. Bd3 (15. Qe3 Nd7 16. Qf2 Qa5 17. Bd3
Bf8 18. e5 Qc7 19. exd6 Bxd6 20. b3 Be7 21. f5 e5 22. Be3 Nf6 $15 {0-1
Kuporosov,V (2500)-Chuchelov,V (2510)/Cuxhaven 1993 (31)}) 15... e5 16. Be3
Rad8 17. Qe2 d5 18. exd5 Nxd5 19. Nxd5 Bxd5 20. fxe5 Qxe5 21. Bb6 Qxe2 22. Bxe2
Rd6 23. Rxd5 Rxb6 24. Rd7 $14 {1/2-1/2 Pavlovic,M (2535)-Tosic,M (2505)/
Vrnjacka Banja 1998 (70)}) 14... Bc6 {Ivanchuk does not see any need to force
matters in the centre, unlike his forerunners in games against Sznapik.} (14...
e5 15. Qd3 Rad8 16. Bf3 (16. Qc4 Qxc4 17. Bxc4 exf4 18. Bxf4 Be6 19. Bb3 h6 20.
Be3 Bxb3 21. cxb3 Bf8 {0-1 Sznapik,A (2460)-Wojtkiewicz,A (2495)/Warsaw 1991 
(34)}) 16... b5 17. axb5 axb5 18. Nd5 Nxd5 19. exd5 exf4 {1/2-1/2 Sznapik,A 
(2450)-Ftacnik,L (2550)/Haifa 1989}) 15. Bc4 $2 (15. Bf3 d5 16. e5 (16. exd5
Nxd5 17. Bxd5 Bxd5 18. Nxd5 exd5 19. Qxd5 Qxc2 20. Qxb7 Qxa4 $11) 16... Nd7 $13
) 15... Bxe4 $1 {A severe punishment for the opponent's naïve move with the
transfer of the bishop to the attractive diagonal a2-g8.} (15... Nxe4 16. Nxe4
d5 17. Bxd5 (17. Bd3 dxe4 18. Bxe4 Bf6 19. Qc5 Bxb2 $15) 17... Bxd5 18. Nc3
Rad8 $15) 16. Nxe4 d5 17. Bxd5 (17. Nd2 dxc4 18. Qxc4 Qxc4 19. Nxc4 Rac8 20. b3
Nd5 $17) 17... Nxd5 {The simplification in the centre in this form is a clear
triumph for Black. Ivanchuk has managed to get rid of the d6 weakness and
activate his pieces, and now he is threatening to start active operations.} 18.
c3 (18. Nc3 Bf6 19. Nxd5 exd5 20. Qc5 Qd7 21. c3 Rac8 22. Qb6 Qxa4 $17) 18...
Rad8 19. Ng3 Qc6 (19... g6 $5 20. Qe4 Nxe3 21. Qxe3 Qc4 $17) 20. Nh5 Bf8 {
The clean continuation without weakening moves with pawns is too passive at
this moment. Much more challenging for Kamsky would have been the daring 20..
f6!} (20... f6 $1 21. Bg1 Rd6 22. Qe4 g6 23. Ng3 f5 24. Qe2 Qxa4 $17) 21. Bg1
g6 22. Rd3 (22. Nf6+ Nxf6 23. Qxf6 Rxd1 24. Rxd1 Bg7 25. Qg5 Qxa4 $17) 22... f6
{At long last Ivanchuk has been unable to avoid the advance of the f-pawn, but
even now he did not discover the most precise continuation. White would have
bigger problems after the more active advance of the pawn to the f5-square.} (
22... Bh6 23. Rg3 f5 24. Qe5 Kf7 25. Bd4 Rg8 (25... gxh5 $2 26. Rg7+ Kf8 27.
Rxh7 $18) 26. Qe2 Ke7 $17) (22... e5 23. fxe5 gxh5 24. Rg3+ Bg7 25. e6 f6 26.
c4 Rxe6 (26... Ne7 27. Rxg7+ Kxg7 28. Qxf6+ Kg8 29. Qf7+ $11) 27. cxd5 Qxd5 $15
) (22... f5 $5 23. Qe5 (23. Ng3 Nxf4 $19) 23... gxh5 24. Bd4 Kf7 25. Qh8 (25.
Rg3 Ke7 $19) 25... Re7 26. Qxh7+ Ke8 27. Qxh5+ Rf7 $17) 23. c4 (23. Ng3 Nxf4
24. Qxf4 Rxd3 25. Ne4 Be7 26. Nxf6+ Bxf6 27. Qxf6 Qc7 $19) 23... gxh5 (23...
Nxf4 $2 24. Nxf6+ Kh8 25. Nxe8+ Rxd4 26. Bxd4+ $18) 24. Rg3+ (24. cxd5 Rxd5 25.
Rg3+ Kf7 26. Qe4 Rf5 $17) 24... Bg7 (24... Kf7 $2 25. Qd3 f5 26. cxd5 Rxd5 27.
Qe2 $16) 25. cxd5 exd5 {Black still has an excellent position, but he has
already had to part with his compact pawn structure and allow his opponent
some counterattack.} (25... Qxd5 $2 26. Qxf6 $14) 26. Qd1 h4 27. Rh3 (27. Rg4
Re4 28. Rxh4 f5 29. Rh3 d4 $15) 27... d4 $1 28. Rff3 (28. Rxh4 d3 29. Rf2 Re4
$15) (28. Bxd4 Qc4 29. Rd3 f5 30. b3 Qd5 $19) 28... Qe4 {The centralized black
forces together with advancing the d-pawn represent a huge problem for White.
It seems unlikely, that counterpaly can be of sufficient strength.} 29. f5 (29.
Rxh4 d3 30. Rhh3 (30. Re3 d2 31. Rxe4 Rxe4 32. Qb3+ (32. Bf2 Rc4) 32... Kh8 33.
Rxh7+ Kxh7 34. Qh3+ Kg6 35. g4 Kf7 36. Qb3+ Kf8 37. Bc5+ Ke8 38. Qg8+ Kd7 39.
Qd5+ Kc8 $19) 30... d2 31. Re3 Qxf4 32. Rxe8+ Rxe8 33. Qb3+ Kh8 34. Rd3 Bh6 $17
) 29... Re5 30. Bf2 (30. Rd3 Bf8 31. Qh5 Qxf5 32. Qxh4 Re4 $17) 30... Qe2 31.
Qb3+ Kh8 32. Rxh4 $2 {A serious blunder with a slightly unusual geometrical
motif. The rook on h4 is not safe at all.} (32. Bg1 Qe4 33. Qb6 Rc8 34. Rd3 Rc1
35. Rhf3 h6 $19) 32... Qe1+ $1 (32... Qe1+ $1 33. Bg1 Qxh4 $19) (32... Qxf2 $4
33. Rxh7+ $18) 0-1

[Event "Bazna Kings 3rd"]
[Site "Bazna"]
[Date "2009.06.20"]
[Round "6"]
[White "Shirov, Alexei"]
[Black "Kamsky, Gata"]
[Result "1-0"]
[WhiteElo "2745"]
[BlackElo "2720"]
[Annotator "CB"]
[PlyCount "67"]
[EventDate "2009.06.14"]
[EventType "tourn"]
[EventRounds "10"]
[EventCountry "ROU"]
[EventCategory "20"]
[SourceTitle "CBM 131"]
[Source "ChessBase"]
[SourceDate "2009.07.15"]
[SourceVersion "1"]
[SourceVersionDate "2009.07.15"]
[SourceQuality "1"]

1. e4 c6 2. d4 d5 3. e5 Bf5 4. Nf3 e6 5. Be2 {"I used ti play this system a
lot in nineties, but then I switched to other set-ups. I think last time I
played 4.Nf3 and 5.Be2 about 10 years ago, therefore I wasn't sure about my
knowledge here" (Shirov). Indeed, Alexey played it last time in 1998.} Nd7 6.
O-O Rc8 {A very rare move and most likely not the best. The usual continuation
is 6...Ne7.} 7. b3 h6 8. c4 Bb4 {A novelty. Previously Black tried other moves,
but without success either.} 9. Ba3 Qa5 {#} 10. Bb2 $1 {A nice trick. It turns
out that the queen is misplaced on a5 and thanks to the maneuver 9.Ba3 and 10.
Bb2 White in fact won a tempo instead of losing one!} Qd8 11. Na3 Ne7 12. Nc2
Bxc2 13. Qxc2 O-O 14. Bd3 {White has the space advantage and the bishop pair.
"I think I got an opening advantage" (Shirov)} f6 15. a3 Ba5 16. Qe2 fxe5 17.
dxe5 Bb6 18. Nd4 Bxd4 19. Bxd4 Nf5 20. Bc3 a5 21. Rac1 Nc5 22. Bc2 {# Black's
position is worse than it looks, since it is difficult for him to do something
against White's plan to advance the kingside pawn's majority. Notice that
black knights don't have good safe squares.} a4 ({Shirov said after the game
that the best chance for Black could have been to sac a pawn with} 22... Ne4
23. Bxe4 dxe4 24. Qxe4 {but White is still better. He will place the rook on
d1 and at some moment White can prepare Rd1-d6, with or without playing g2-g4
first.}) 23. b4 Nb3 24. Rcd1 Qh4 {Kamsky's second sortie in this game with the
queen is dubious again. On the other hand as mentioned above his position is
very unpleasant anyway.} ({Nevertheless preferable was something like} 24... d4
{(with the idea 25...c5)} 25. c5 Qe7 (25... Ne7 26. Bxb3 axb3 27. Rxd4 Nd5 28.
Qc4) 26. Bb2 Rcd8) 25. f4 Qe7 {#} 26. g4 $1 Nh4 27. Be1 Rc7 28. Qd3 {Now it is
over. On top of all Kamsky was in severe time trouble.} g5 (28... g6 29. Bxh4
Qxh4 30. Qxg6+ Kh8 31. Qxe6 {changes nothing}) 29. Bxh4 gxh4 30. Qg6+ Qg7 31.
Qxe6+ Kh8 32. g5 Re7 33. Qg4 hxg5 34. fxg5 1-0

[Event "Bazna Kings 3rd"]
[Site "Bazna"]
[Date "2009.06.22"]
[Round "8"]
[White "Kamsky, Gata"]
[Black "Nisipeanu, Liviu Dieter"]
[Result "1/2-1/2"]
[WhiteElo "2720"]
[BlackElo "2675"]
[Annotator "CB"]
[PlyCount "118"]
[EventDate "2009.06.14"]
[EventType "tourn"]
[EventRounds "10"]
[EventCountry "ROU"]
[EventCategory "20"]
[SourceTitle "CBM 131"]
[Source "ChessBase"]
[SourceDate "2009.07.15"]
[SourceVersion "1"]
[SourceVersionDate "2009.07.15"]
[SourceQuality "1"]

1. d4 d5 2. Nf3 Nf6 3. Bf4 c5 4. e3 Nc6 5. c3 {Sometimes with the white pieces
Kamsky starts the game without any ambitions for the opening advantage. We
witness such a case.} Qb6 6. Qb3 {Both sides would are happy to exchange
queens, but only if it would open the a-file for their own rook.} c4 7. Qc2 ({
After} 7. Qxb6 axb6 {Black has a pleasant endgame thanks to the plan to
advance the b-pawn to b4.}) 7... Bf5 {A standard developing move - White
cannot take the bishop in view of 8...Qxb2 and the rook a1 is gone.} 8. Qc1 h6
{Another standard move - Black defends against a possible Nf3-h4 by making
square h7 available for the bishop.} 9. Be2 e6 10. h3 Qd8 11. b3 {A logical
novelty. White needs more space on the queenside and is ready to exchange some
pawns.} b5 12. bxc4 bxc4 {#} 13. Bd1 Qa5 $1 (13... Bd6 {is strongly met with}
14. Ba4 $1 Rc8 15. Bxd6 Qxd6 16. Ne5 {and Black loses material.}) 14. Bc2 Ne4
15. O-O g5 16. Bh2 Bd6 17. Re1 Bxh2+ 18. Nxh2 Nd6 19. f3 Bxc2 20. Qxc2 f5 21.
Nd2 Kd7 22. e4 Rab8 23. Nhf1 {The position is about equal.} Qa3 (23... Rb6 {
was preferable}) 24. Rab1 Rhf8 25. Ng3 {#} Nb5 {The start of the wrong plan to
bring the knight to a3.} (25... fxe4 26. fxe4 Nxd4 27. cxd4 Qxg3 {is far from
clear after both} 28. Nf1 {or 28.Qa4+}) ({Again stronger is} 25... Rb6 {
with a double-edged position}) 26. Ne2 Qa5 27. Qc1 Na3 28. Rxb8 Rxb8 {# The
knight on a3 is completely misplaced and now White opens the other wing.} 29.
exd5 exd5 30. f4 $1 {Now Black is in troubles.} Qa4 31. fxg5 hxg5 32. Nf3 f4 ({
The alternative} 32... g4 33. hxg4 fxg4 34. Ne5+ Nxe5 35. dxe5 Rb1 36. Qd2
Rxe1+ 37. Qxe1 {had its drawbacks as well: the black king is too exposed.}) 33.
Rf1 ({Not a bad move, but instead of it Kamsky had a powerful knight sacrifice:
} 33. Nxf4 gxf4 ({The point is that after} 33... Rb1 {White has} 34. Ne6 $1
Rxc1 35. Nc5+ Kc7 36. Nxa4) 34. Qxf4 {with dangerous attack for White}) 33...
Re8 34. Qd2 Qc2 35. Qxc2 Nxc2 36. Kf2 Ne3 ({Better is} 36... g4 {and only after
} 37. hxg4 {to play} Ne3) 37. Rb1 g4 38. Nh4 Re4 39. Ng6 {Black loses a pawn
in all variations.} g3+ 40. Kf3 Nxg2 41. Ngxf4 Nxf4 42. Nxf4 Ne7 43. Kxg3 Kc6
44. Kf3 Nf5 {# White is a pawn up and has two possibilities to convert his
advantage. After the simple 45.Ng6 it is clear that Black has to struggle a
lot. However, Kamsky finds an elegant combination.} 45. Nxd5 $1 Kxd5 46. Rb5+
Ke6 {Black must keep square d6 free for the future fork} (46... Kc6 47. Rc5+)
47. d5+ (47. Kxe4 $2 Nd6+) 47... Kf6 (47... Kd6 $2 48. Kxe4) (47... Ke5 48. d6+
Ke6 49. Rxf5 $1 Kxf5 50. d7 {and White queens.}) 48. Kxe4 Nd6+ 49. Kd4 Nxb5+
50. Kxc4 Nd6+ {#} 51. Kd4 $2 ({After having analyzed the position in his hotel
room, Kamsky found the solution:} 51. Kc5 Ne4+ 52. Kb4 $3 {A study like move
designed to provoke the advance of the opponent's a-pawn.} (52. Kd4 Ng5 53. c4
Nxh3 54. Kc5 Ng5 55. Kb5 Ke5 {is a draw}) (52. Kc6 Nxc3 53. d6 (53. h4 Nxa2)
53... Ke6 54. a3 (54. a4 Nd5 55. a5 Nb4+ $11) (54. d7 Ke7 55. h4 Kd8 56. h5 Ne4
57. h6 Ng5 58. a4 Nh7 59. a5 Ng5 60. a6 Nh7 61. Kd6 Ng5 $11) 54... Nd5 55. h4
Nb6 56. h5 Nc4) 52... a5+ (52... Ke5 53. c4 Kd6 54. h4 Nf6 55. Kb5 {wins}) 53.
Kc4 $1 Nd6+ ({or} 53... Ke5 54. h4 Nf6 55. a4 Kd6 56. Kb5 Nxd5 57. c4 Nf4 58.
Kb6 Kd7 59. c5) 54. Kc5 Ne4+ 55. Kc6 Nxc3 56. d6 Ke6 57. a3 $1 {It is
important to take control over square b4!} Nd5 58. h4 Nf6 59. h5 {and White
wins.}) 51... Nb5+ 52. Kd3 ({White could still return to the winning path:} 52.
Kc4 Nd6+ 53. Kc5) 52... Ke5 53. c4 Nd6 54. h4 (54. c5 Ne4 $11) 54... Nf5 55. h5
Kd6 {# In spite of having three passed pawns for the knight, White cannot make
much progress, since 56.Ke4 runs into a check on g3.} 56. Kc3 Kc5 57. Kb3 Nh6
58. Ka4 Kxc4 59. d6 Kc5 ({Draw agreed in view of} 59... Kc5 60. d7 Nf7 61. Ka5
Kc6 62. Ka6 Kxd7 63. Kxa7 Kc7) 1/2-1/2

[Event "Bazna Kings 3rd"]
[Site "Bazna"]
[Date "2009.06.24"]
[Round "9"]
[White "Ivanchuk, Vassily"]
[Black "Kamsky, Gata"]
[Result "1/2-1/2"]
[WhiteElo "2746"]
[BlackElo "2720"]
[Annotator "CB"]
[PlyCount "110"]
[EventDate "2009.06.14"]
[EventType "tourn"]
[EventRounds "10"]
[EventCountry "ROU"]
[EventCategory "20"]
[SourceTitle "CBM 131"]
[Source "ChessBase"]
[SourceDate "2009.07.15"]
[SourceVersion "1"]
[SourceVersionDate "2009.07.15"]
[SourceQuality "1"]

1. Nf3 d5 2. d4 c6 3. c4 Nf6 4. Nc3 a6 5. a4 e6 6. Bg5 Be7 7. e3 a5 8. Be2 Na6
9. O-O O-O 10. Qb3 Nb4 {As it often happens in the Slav, Black has a slightly
passive, but very solid position.} 11. Na2 Na6 12. Rac1 h6 13. Bh4 g5 14. Bg3
Ne4 15. Nc3 Nxg3 (15... h5 16. cxd5 exd5 {favours White:} 17. Nxe4 dxe4 18. Nd2
h4 19. Be5 {and Black is left with a lot of weaknesses.}) 16. hxg3 Bf6 17. Ne5
Bg7 {#} 18. f4 {White is slightly better thanks to the kingside initiative.}
Nb4 19. Rf2 Bd7 20. Na2 Nxa2 21. Qxa2 Be8 22. Qb3 Rb8 23. Bg4 Qe7 24. Qb6 Qd8
25. Qb3 Qe7 26. Nd3 f5 27. Bf3 g4 28. Be2 h5 29. Rff1 Rf6 30. Kf2 Rh6 31. Rh1
Bf6 32. Qb6 Qd8 {# "I am not sure that exchanging queens was the correct plan"
(Ivanchuk) White's problem is that in the arising endgame the only way to make
progress is connected with the advance b2-b4, but after that Black has a clear
plan to hold the position.} 33. Qxd8 Bxd8 34. Ne5 Kg7 35. Bd3 Rf6 36. Rc2 Ra8
37. Rb1 Bc7 38. b4 axb4 39. Rxb4 Bxe5 40. fxe5 Rf7 41. c5 Rc7 42. Ke2 Kf8 43.
Rcb2 Ra7 44. Kd2 Ke7 45. Kc3 Kd8 46. Bc2 Rh7 47. Rb1 Kc7 48. Rh1 Rh8 49. Rb6
Bf7 50. Kb4 Rha8 {# "I missed this defensive set-up" (Ivanchuk). Now it
becomes clear that White cannot break through.} 51. Ra1 Ra5 52. Bb3 R8a7 53.
Ra2 Ra8 54. Ra1 R8a7 55. Rf1 Ra8 1/2-1/2

[Event "Bazna Kings 3rd"]
[Site "Bazna"]
[Date "2009.06.25"]
[Round "10"]
[White "Kamsky, Gata"]
[Black "Gelfand, Boris"]
[Result "1/2-1/2"]
[WhiteElo "2720"]
[BlackElo "2733"]
[Annotator "CB"]
[PlyCount "64"]
[EventDate "2009.06.14"]
[EventType "tourn"]
[EventRounds "10"]
[EventCountry "ROU"]
[EventCategory "20"]
[SourceTitle "CBM 131"]
[Source "ChessBase"]
[SourceDate "2009.07.15"]
[SourceVersion "1"]
[SourceVersionDate "2009.07.15"]
[SourceQuality "1"]

1. e4 e5 2. Bc4 {By such move order White avoids the Petrov Defense.} Nf6 3. d3
c6 4. Nf3 d5 5. Bb3 Bd6 6. exd5 cxd5 7. O-O Nc6 8. Bg5 Be6 9. Nc3 Bc7 10. Nb5
Bb6 11. Re1 a6 12. Nc3 Qd6 13. Bh4 O-O {# Black got a great position out of
the opening.} 14. Bxf6 {Kamsky breaks opponent structure, hoping to use its
drawbacks in the future.} gxf6 15. Qd2 Kg7 (15... Kh8 {runs into unpleasant
answer} 16. Qh6) 16. Ne2 Qb4 {The exchange of queens will clearly favour Black,
who won't have to worry about his weakened pawn structure any longer.} (16...
Rg8 {was a good alternative.}) 17. c3 (17. Qxb4 Nxb4 {offers Black advantage
in endgame.}) 17... Qg4 18. d4 Rad8 19. h3 Qg6 20. Ng3 e4 {Provoking this
advance is an achievement for White.} 21. Nh4 Qg5 {#} 22. Nhf5+ {Kamsky sets a
trap!} Kh8 $1 {Avoiding the trap.} ({After} 22... Kg6 {White plays} 23. f4 $1
exf3 24. Qf2 $1 {and the bishop comes to c2, with an attack for White.}) (22...
Bxf5 23. Qxg5+ fxg5 24. Nxf5+ Kg6 25. g4 {is obviously in White's favour.}) 23.
Qxg5 fxg5 24. f3 $1 {Now thanks to the strong knight on f5 White's chances are
not worse.} exf3 25. gxf3 Na5 26. Kf2 Nxb3 27. axb3 Bc7 28. h4 Rg8 ({Deserved
attention} 28... gxh4 29. Nxh4 Rg8) 29. h5 g4 30. Nh6 Rg7 31. fxg4 Bxg4 32. Re7
Bxg3+ {# Gelfand made this move and offered a draw, which Kamsky being short
on time rightly accepted. After} (32... Bxg3+ 33. Kxg3 Bxh5+ 34. Kh4 Bg6 35.
Rxb7 f6 36. Rb6 Re8 {the position is completely unclear.}) 1/2-1/2

[Event "World op 37th"]
[Site "Philadelphia"]
[Date "2009.07.01"]
[Round "3"]
[White "Kamsky, Gata"]
[Black "Fedorowicz, John P"]
[Result "1/2-1/2"]
[WhiteElo "2720"]
[BlackElo "2485"]
[PlyCount "108"]
[EventDate "2009.06.29"]
[EventType "swiss"]
[EventRounds "9"]
[EventCountry "USA"]
[SourceTitle "CBM 131 Extra"]
[Source "ChessBase"]
[SourceDate "2009.09.03"]
[SourceVersion "2"]
[SourceVersionDate "2009.09.16"]
[SourceQuality "1"]

1. e4 c5 2. Nf3 d6 3. d4 cxd4 4. Nxd4 Nf6 5. Nc3 g6 6. Be3 Bg7 7. f3 O-O 8. Qd2
Nc6 9. O-O-O d5 10. exd5 Nxd5 11. Nxc6 bxc6 12. Bd4 Nxc3 13. Qxc3 Bh6+ 14. Be3
Bxe3+ 15. Qxe3 Qb6 16. Qxe7 Be6 17. Qa3 Rad8 18. Re1 Rd4 19. h4 Rd5 20. Bd3 Ra5
21. Qc3 Rxa2 22. Kb1 Qa5 23. Qxa5 Rxa5 24. b3 Rc8 25. Kb2 Rc7 26. Re3 Kg7 27.
Rhe1 Kf6 28. g3 h5 29. Re4 g5 30. R1e3 Rc5 31. hxg5+ Rxg5 32. f4 Rg8 33. Re5
Rh8 34. Rc5 h4 35. gxh4 Rxh4 36. Re4 Bd5 37. Rd4 Rd7 38. Kc3 Ke7 39. Bc4 Rh3+
40. Kb2 Rh5 41. Ra5 Kd8 42. Bd3 Ke8 43. f5 f6 44. c4 Bg2 45. Rxd7 Kxd7 46.
Rxa7+ Kd6 47. Rf7 Ke5 48. Kc3 Rh3 49. Re7+ Kf4 50. Kd2 c5 51. Re6 Kg5 52. Bc2
Bf3 53. Rd6 Rh2+ 54. Kc3 Rh3 1/2-1/2

[Event "World op 37th"]
[Site "Philadelphia"]
[Date "2009.07.02"]
[Round "4"]
[White "Amanov, Mesgen"]
[Black "Kamsky, Gata"]
[Result "0-1"]
[WhiteElo "2517"]
[BlackElo "2720"]
[PlyCount "114"]
[EventDate "2009.06.29"]
[EventType "swiss"]
[EventRounds "9"]
[EventCountry "USA"]
[SourceTitle "CBM 131 Extra"]
[Source "ChessBase"]
[SourceDate "2009.09.03"]
[SourceVersion "2"]
[SourceVersionDate "2009.09.16"]
[SourceQuality "1"]

1. d4 d5 2. c4 c6 3. cxd5 cxd5 4. Nc3 Nf6 5. Nf3 Qb6 6. Na4 Qc7 7. Bd2 Nc6 8.
Rc1 e6 9. e3 Bd6 10. b4 a6 11. Bd3 O-O 12. Qb3 Qe7 13. a3 Ne4 14. Nc5 Nxd2 15.
Nxd2 Qg5 16. g3 a5 17. b5 Nb8 18. O-O Nd7 19. Na4 Qd8 20. Rc3 Nb6 21. Rfc1 Nxa4
22. Qxa4 f5 23. Nf3 Bd7 24. Ne5 Be8 25. Be2 g5 26. f4 Kh8 27. Qc2 Rg8 28. a4
Qe7 29. Qd3 Qd8 30. Qc2 Qe7 31. Qd1 Rd8 32. Bh5 gxf4 33. exf4 Bxe5 34. fxe5 f4
35. Bxe8 Rdxe8 36. Qh5 Qb4 37. Rd3 fxg3 38. hxg3 Ref8 39. Qh6 Rg6 40. Qe3 Qxa4
41. b6 Qa2 42. Rdc3 Qb2 43. Rc8 Rfg8 44. Rxg8+ Rxg8 45. Kh1 Qxb6 46. Qh6 Qd8
47. Qxe6 a4 48. Qh3 a3 49. e6 Qf6 50. Rc7 Qf3+ 51. Kh2 Qe2+ 52. Kg1 Qe4 53. Kh2
a2 54. Qf1 Qxe6 55. Rxb7 a1=Q 56. Qxa1 Qe2+ 57. Kh3 Qg4+ 0-1

[Event "World op 37th"]
[Site "Philadelphia"]
[Date "2009.07.03"]
[Round "5"]
[White "Kamsky, Gata"]
[Black "Benjamin, Joel"]
[Result "1/2-1/2"]
[WhiteElo "2720"]
[BlackElo "2583"]
[PlyCount "81"]
[EventDate "2009.06.29"]
[EventType "swiss"]
[EventRounds "9"]
[EventCountry "USA"]
[SourceTitle "CBM 131 Extra"]
[Source "ChessBase"]
[SourceDate "2009.09.03"]
[SourceVersion "2"]
[SourceVersionDate "2009.09.16"]
[SourceQuality "1"]

1. d4 Nf6 2. Nf3 e6 3. c4 b6 4. g3 Ba6 5. b3 Bb4+ 6. Bd2 Be7 7. Bg2 d5 8. cxd5
exd5 9. O-O O-O 10. Nc3 Bb7 11. Qc2 Nbd7 12. Rad1 Re8 13. Bf4 c6 14. Bc1 Bb4
15. Bb2 Qe7 16. e3 Ba6 17. Rfe1 Ne4 18. Rc1 Bb7 19. Red1 f5 20. Ne1 Ndf6 21.
Nd3 Ng4 22. Re1 Bd6 23. h3 Ngxf2 24. Nxf2 Bxg3 25. Ncxe4 fxe4 26. Qe2 a5 27.
Qg4 Bc7 28. Qh5 Rf8 29. Rf1 g6 30. Qh6 Ba6 31. Rxc6 Bxf1 32. Ba3 Qf7 33. Bxf8
Rxf8 34. Ng4 Bxg2 35. Nf6+ Qxf6 36. Rxf6 Rxf6 37. Kxg2 Rf5 38. Qh4 Bd6 39. Qd8+
Bf8 40. Qxb6 Bb4 41. Qb5 1/2-1/2

[Event "World op 37th"]
[Site "Philadelphia"]
[Date "2009.07.04"]
[Round "6"]
[White "Kamsky, Gata"]
[Black "Shabalov, Alexander"]
[Result "1-0"]
[WhiteElo "2720"]
[BlackElo "2569"]
[PlyCount "65"]
[EventDate "2009.06.29"]
[EventType "swiss"]
[EventRounds "9"]
[EventCountry "USA"]
[SourceTitle "CBM 131 Extra"]
[Source "ChessBase"]
[SourceDate "2009.09.03"]
[SourceVersion "2"]
[SourceVersionDate "2009.09.16"]
[SourceQuality "1"]

1. d4 Nf6 2. Nf3 g6 3. Bf4 Bg7 4. e3 O-O 5. h3 c5 6. c3 d6 7. Be2 Nc6 8. dxc5
d5 9. Nbd2 a5 10. a4 Nd7 11. Nb3 Ndb8 12. Nbd4 e5 13. Nxc6 Nxc6 14. Bh2 Be6 15.
Bb5 f6 16. Rb1 Qc8 17. b4 Rd8 18. O-O Bf5 19. Rb2 axb4 20. cxb4 d4 21. Bxc6
Qxc6 22. exd4 Be4 23. b5 Qd5 24. Re1 Bf8 25. c6 bxc6 26. b6 Bxf3 27. Qxf3 Qxf3
28. gxf3 Rxd4 29. f4 exf4 30. b7 Rb8 31. a5 Ra4 32. a6 g5 33. Rb6 1-0